Name the 60s girl group by their single - Statistics

General Stats
  • This quiz has been taken 45 times
    31 since last reset
  • The average score is 5 of 12
Answer Stats
Song Artist % Correct
You Can't Hurry Love The Supremes
100%
Dancing In The Street Martha and the Vandellas
79%
Be My Baby The Ronettes
71%
Then He Kissed Me The Crystals
58%
Please Mr. Postman The Marvelettes
54%
Will You Still Love Me Tomorrow? The Shirelles
54%
Remember Walking In The Sand The Shangri-Las
46%
Chains The Cookies
17%
Nothing But A Heartache The Flirtations
13%
The Wah-Watusi The Orlons
13%
Sally Go 'Round the Roses The Jaynetts
8%
Egyptian Shumba The Tammys
8%
No matching quizzes found
Score Distribution
Percent of People with Each Score
Percentile by Number Answered
Your Score History
You have not taken this quiz since the last reset